Quiz o F1 - zdjęcia - Statystyki

Ogólne statystyki
  • Ten quiz został rozwiązany 140 razy
  • Średni wynik to 13 z 16
Statystyki odpowiedzi
Obrazkowy Odpowiedź % Poprawnych
Robert Kubica
100%
Max Verstappen
99%
Lewis Hamilton
98%
Sebastian Vettel
98%
Ayrton Senna
96%
Charles Leclerc
96%
Fernando Alonso
94%
Sergio Perez
93%
Kimi Raikkonen
82%
Niki Lauda
82%
Alain Prost
78%
Jenson Button
73%
Mika Hakkinen
71%
Juan Manuel Fangio
57%
Pastor Maldonado
57%
Emerson Fittipaldi
24%
Nie znaleziono quizów pasujących do podanych kryteriów
Rozkład punktacji
Procent ludzi z każdym wynikiem
Percentyl według liczby udzielonych odpowiedzi
Twoja historia wyników
Nie rozwiązałeś tego quizu